00654nam a2200193Ia 450000500170000000800410001702000180005804000180007604100080009408200240010224500960012625000120022226000420023430000250027665000420030165000190034365000610036270000370042320220825105050.0210716s2009 xx 000 0 und d a9788181473721 cAIMIT LIBRARY aeng a574.80285 21bLACZ aBioinformatics : bmanaging scientific data /cEdited by Zoe Lacroix and Terence Critchlow. a1st ed. aNew Delhi :bMorgan Kaufmann .c2009. axxi, 441p. ;c23 cm. aThe information integration system K2 aDiscovery link aCompared evalution of scientific data management systems aCritchlow, Terence.;Lacroix, Zoe